[Event "Hessen-ch U14"]
[Site "Bad Homburg"]
[Date "2015.04.02"]
[Round "5"]
[White "Kuehner, Tobias"]
[Black "Fuhrmann, Michel"]
[Result "1-0"]
[WhiteElo "1741"]
[BlackElo "1582"]
[PlyCount "107"]
[EventDate "2015.03.30"]
[EventType "swiss"]
[EventRounds "7"]
[EventCountry "GER"]
[SourceTitle "EXT 2017"]
[Source "ChessBase"]
[SourceDate "2016.10.25"]
[SourceVersion "1"]
[SourceVersionDate "2016.10.25"]
[SourceQuality "1"]

1. d4 d5 2. Nf3 e6 3. c4 Nf6 4. Nc3 Nbd7 5. Bf4 Be7 6. h3 h6 7. e3 0-0 8. c5 b6 9. b4 Re8 10. Nb5 Rf8 11. Bxc7 Qe8 12. Nd6 Bxd6 13. Bxd6 a5 14. Bxf8 Qxf8 15. a3 Qe8 16. c6 Nf8 17. b5 Ng6 18. a4 e5 19. dxe5 Nxe5 20. Nxe5 Qxe5 21. Qd4 Qxd4 22. exd4 Bf5 23. f3 Ne8 24. Kd2 Nd6 25. Rc1 Re8 26. Bd3 Bxd3 27. Kxd3 Nc4 28. Rxc4 dxc4+ 29. Kxc4 Kf8 30. Rc1 Rc8 31. Re1 Re8 32. Rxe8+ Kxe8 33. Kd5 Ke7 34. c7 Kd7 35. c8Q+ Kxc8 36. Kc6 f5 37. d5 g5 38. Kxb6 h5 39. Ka7 Kd7 40. b6 Kd6 41. b7 Kxd5 42. b8Q Kd4 43. Qe8 Kd3 44. Kb6 Kd4 45. Kc6 Kd3 46. Kd5 h4 47. Qb5+ Ke3 48. Qb3+ Kf2 49. Qc2+ Kg3 50. Qxf5 Kxg2 51. Qxg5+ Kxf3 52. Qg4+ Kf2 53. Ke4 Kf1 54. Ke3 1-0

[Event "Hessen-ch U14"]
[Site "Bad Homburg"]
[Date "2015.04.01"]
[Round "4"]
[White "Gerlach, Manuel"]
[Black "Fuhrmann, Michel"]
[Result "1/2-1/2"]
[WhiteElo "1344"]
[BlackElo "1582"]
[PlyCount "37"]
[EventDate "2015.03.30"]
[EventType "swiss"]
[EventRounds "7"]
[EventCountry "GER"]
[SourceTitle "EXT 2017"]
[Source "ChessBase"]
[SourceDate "2016.10.25"]
[SourceVersion "1"]
[SourceVersionDate "2016.10.25"]
[SourceQuality "1"]

1. e4 c5 2. Nf3 Nc6 3. d4 cxd4 4. Nxd4 g6 5. Be2 Bg7 6. Nb3 Nf6 7. Nc3 d6 8. 0-0 0-0 9. Bg5 Be6 10. Qd2 Rc8 11. Rac1 Ne5 12. Qd1 a6 13. Nd5 Nxd5 14. exd5 Bd7 15. Nd4 Re8 16. b3 f6 17. Be3 Qc7 18. c4 e6 19. Qd2 1/2-1/2

[Event "Hessen-ch U14"]
[Site "Bad Homburg"]
[Date "2015.03.30"]
[Round "1"]
[White "Fuhrmann, Michel"]
[Black "Renk, Jonas"]
[Result "0-1"]
[WhiteElo "1582"]
[BlackElo "1223"]
[PlyCount "130"]
[EventDate "2015.03.30"]
[EventType "swiss"]
[EventRounds "7"]
[EventCountry "GER"]
[SourceTitle "EXT 2017"]
[Source "ChessBase"]
[SourceDate "2016.10.25"]
[SourceVersion "1"]
[SourceVersionDate "2016.10.25"]
[SourceQuality "1"]

1. e4 e5 2. Nf3 Nf6 3. Nc3 Bb4 4. d3 Nc6 5. Bd2 0-0 6. Be2 d6 7. 0-0 Be6 8. a3 Bc5 9. b4 Bb6 10. Na4 Qd7 11. Nxb6 axb6 12. Ng5 h6 13. Nxe6 Qxe6 14. c3 Rfd8 15. f4 d5 16. fxe5 Nxe5 17. exd5 Qxd5 18. d4 Nc6 19. Bxh6 Ne4 20. Bd2 Nxd4 21. cxd4 Qxd4+ 22. Kh1 Qxd2 23. Qxd2 Rxd2 24. Bf3 Nd6 25. Rfc1 c6 26. h3 b5 27. Rd1 Rxd1+ 28. Rxd1 Rd8 29. Kg1 Kf8 30. Kf2 Ke7 31. Re1+ Kf6 32. Rd1 Ke7 33. Re1+ Kf8 34. Rd1 Ne4+ 35. Ke3 Rxd1 36. Bxd1 Nd6 37. Be2 Ke7 38. Kd4 b6 39. Bf3 Kd7 40. Bg4+ Kc7 41. Be2 f6 42. Bd3 Nb7 43. Ke4 c5 44. Kf5 c4 45. Bc2 Nd8 46. Kg6 Ne6 47. Kf7 Kd6 48. Bf5 c3 49. g4 Ke5 50. h4 Nd4 51. Bh7 Kf4 52. Kxg7 Kxg4 53. Kxf6 Kxh4 54. Ke5 c2 55. Bxc2 Nxc2 56. Kd5 Nxa3 57. Kc6 Kg4 58. Kxb6 Kf3 59. Kc5 Ke3 60. Kd5 Kd3 61. Kc5 Kc3 62. Kd5 Kxb4 63. Kd4 Kb3 64. Kd3 b4 65. Kd2 Ka2 0-1

[Event "Hessen-ch U12"]
[Site "Bad Homburg"]
[Date "2014.??.??"]
[Round "3"]
[White "Fuhrmann, Michel"]
[Black "Bethke, Richard"]
[Result "0-1"]
[WhiteElo "1583"]
[BlackElo "1627"]
[PlyCount "48"]
[EventDate "2014.04.??"]
[EventType "swiss"]
[EventRounds "9"]
[EventCountry "GER"]
[SourceTitle "EXT 2022"]
[Source "ChessBase"]
[SourceDate "2021.10.06"]
[SourceVersion "1"]
[SourceVersionDate "2021.10.06"]
[SourceQuality "1"]

1. e4 e5 2. Nf3 Nc6 3. Nc3 Bc5 4. Bb5 d6 5. h3 Nge7 6. d3 0-0 7. 0-0 f5 8. Be3 Nd4 9. Bxd4 Bxd4 10. Nxd4 exd4 11. Ne2 c6 12. Bc4+ d5 13. exd5 cxd5 14. Bb3 a5 15. a3 a4 16. Ba2 Qb6 17. Rb1 f4 18. f3 Nf5 19. Qd2 Ne3 20. Rf2 Rf5 21. c3 Rg5 22. Kh2 Qh6 23. Nxf4 Qh4 24. Ne2 Qxf2 0-1

[Event "Hessen-ch U12"]
[Site "Bad Homburg"]
[Date "2014.??.??"]
[Round "6"]
[White "Fuhrmann, Michel"]
[Black "Viol, Julius"]
[Result "1-0"]
[WhiteElo "1583"]
[BlackElo "1516"]
[PlyCount "143"]
[EventDate "2014.04.??"]
[EventType "swiss"]
[EventRounds "9"]
[EventCountry "GER"]
[SourceTitle "EXT 2022"]
[Source "ChessBase"]
[SourceDate "2021.10.06"]
[SourceVersion "1"]
[SourceVersionDate "2021.10.06"]
[SourceQuality "1"]

1. e4 c5 2. Nf3 a6 3. d4 cxd4 4. Nxd4 e5 5. Nf3 Nf6 6. Nc3 Bb4 7. Bg5 Qa5 8. Bd2 Nc6 9. a3 Bxc3 10. Bxc3 Qc7 11. Bd3 d5 12. exd5 Nxd5 13. Qd2 Bg4 14. Be4 Nf4 15. Nxe5 Nxe5 16. f3 Rd8 17. Qc1 f5 18. fxg4 fxe4 19. Bxe5 Qxe5 20. g3 Qa5+ 21. b4 Ng2+ 22. Kf2 e3+ 23. Kxg2 Qd5+ 24. Kh3 Qe4 25. Re1 Rd6 26. Qxe3 Qxe3 27. Rxe3+ Kf7 28. Rf1+ Kg6 29. Re7 Rb6 30. c4 h5 31. gxh5+ Rxh5+ 32. Kg2 Rd6 33. Rf2 Rd3 34. Rxb7 Rxa3 35. c5 a5 36. Rc2 axb4 37. Rxb4 Ra8 38. c6 Rhh8 39. c7 Rac8 40. Rb7 Rhf8 41. Rf2 Rfe8 42. Rb6+ Kh7 43. Rc6 Re7 44. Rfc2 Rf7 45. R2c4 Kg8 46. h4 Kh7 47. Kh3 g6 48. Kg4 Re7 49. R6c5 Kg7 50. Kg5 Re3 51. g4 Kh7 52. Kf4 Re6 53. h5 gxh5 54. Rxh5+ Kg7 55. Rhc5 Rf8+ 56. Kg3 Re3+ 57. Kg2 Re2+ 58. Kh3 Re3+ 59. Kh4 Rc8 60. Rf4 Re7 61. Rfc4 Re3 62. Kg5 Re6 63. Rc6 Re5+ 64. Kf4 Re7 65. R4c5 Re1 66. Kg5 Kh7 67. Rh6+ Kg7 68. Rd6 Ree8 69. Rd7+ Kh8 70. Rdd5 Rg8+ 71. Kf4 Rgf8+ 72. Kg3 1-0

[Event "Karl Mala Memorial op-B 16th"]
[Site "Frankfurt"]
[Date "2013.07.13"]
[Round "4"]
[White "Fuhrmann, Michel"]
[Black "Werle, Joshua"]
[Result "1-0"]
[WhiteElo "1572"]
[BlackElo "1132"]
[PlyCount "115"]
[EventDate "2013.07.11"]
[EventType "swiss"]
[EventRounds "7"]
[EventCountry "GER"]
[SourceTitle "CBM 155 Extra"]
[Source "ChessBase"]
[SourceDate "2013.08.26"]
[SourceVersion "1"]
[SourceVersionDate "2013.08.26"]
[SourceQuality "1"]

1. e4 Nf6 2. Nc3 d5 3. exd5 Nxd5 4. Nf3 Bg4 5. Be2 e6 6. d4 Bb4 7. Bd2 Nc6 8. Nxd5 Qxd5 9. Bxb4 Nxb4 10. c3 Nc6 11. Qb3 Qxb3 12. axb3 0-0 13. h3 Bf5 14. 0-0 a6 15. Nh4 Be4 16. Bf3 Bxf3 17. Nxf3 Rad8 18. Rfe1 Rd6 19. Nd2 Rfd8 20. b4 Ne7 21. Nb3 Nd5 22. Nc5 Rb8 23. g3 Nb6 24. f4 Nd7 25. Nxd7 Rxd7 26. Kf2 Kf8 27. Re2 Re8 28. Rae1 Rde7 29. Re5 f6 30. R5e4 Kf7 31. g4 c6 32. R4e3 f5 33. g5 g6 34. Rh1 Rh8 35. h4 Ree8 36. Reh3 Ref8 37. h5 Kg7 38. Re3 Re8 39. h6+ Kf7 40. Rhe1 Re7 41. Ke2 b5 42. Ra1 Ra7 43. Re5 Rc8 44. Rc5 Ke7 45. Kd3 Kd6 46. b3 Rcc7 47. Re5 Re7 48. c4 Rec7 49. c5+ Ke7 50. Rae1 Kf7 51. Rxe6 Ra8 52. Rf6+ Kg8 53. Ree6 Rac8 54. Re1 Ra8 55. Rfe6 Kf7 56. Rd6 Re8 57. Rf6+ Kg8 58. Rxe8# 1-0

[Event "Hessen-ch U12"]
[Site "Bad Homburg"]
[Date "2013.??.??"]
[Round "5"]
[White "Mastmeyer, Lars Quentin"]
[Black "Fuhrmann, Michel"]
[Result "1/2-1/2"]
[WhiteElo "1056"]
[BlackElo "1572"]
[PlyCount "81"]
[EventDate "2013.03.??"]
[EventType "swiss"]
[EventRounds "9"]
[EventCountry "GER"]
[SourceTitle "EXT 2014"]
[Source "ChessBase"]
[SourceDate "2013.11.20"]
[SourceVersion "1"]
[SourceVersionDate "2013.11.20"]
[SourceQuality "1"]

1. e4 c5 2. Nf3 Nc6 3. Nc3 g6 4. d4 cxd4 5. Nxd4 Bg7 6. Be3 Nf6 7. Bd3 0-0 8. 0-0 d6 9. Nf3 Be6 10. Qd2 Ng4 11. Ng5 Nxe3 12. Qxe3 Bd7 13. Qd2 Ne5 14. Qe2 Nxd3 15. cxd3 e6 16. Nf3 Rc8 17. d4 Qb6 18. Qd2 f5 19. e5 dxe5 20. dxe5 Bc6 21. Rfe1 Bxf3 22. gxf3 Rfd8 23. Qe2 Rd7 24. Nb5 Bf8 25. Rac1 Rcd8 26. Rc2 a6 27. Nc3 Bh6 28. Rd1 Rxd1+ 29. Nxd1 Bg7 30. Ne3 Qd4 31. Nc4 Qd1+ 32. Qxd1 Rxd1+ 33. Kg2 b5 34. Nd6 Bxe5 35. Rc8+ Kg7 36. Rc7+ Kf6 37. Ne8+ Kg5 38. Rxh7 Bxb2 39. h4+ Kf4 40. Rh6 Rd8 41. Nc7 1/2-1/2

[Event "Hessen-ch U12"]
[Site "Bad Homburg"]
[Date "2013.??.??"]
[Round "3"]
[White "Schmidt, Lea"]
[Black "Fuhrmann, Michel"]
[Result "0-1"]
[WhiteElo "882"]
[BlackElo "1572"]
[PlyCount "117"]
[EventDate "2013.03.??"]
[EventType "swiss"]
[EventRounds "9"]
[EventCountry "GER"]
[SourceTitle "EXT 2014"]
[Source "ChessBase"]
[SourceDate "2013.11.20"]
[SourceVersion "1"]
[SourceVersionDate "2013.11.20"]
[SourceQuality "1"]

1. e4 c5 2. f4 Nc6 3. Nc3 g6 4. Bc4 Bg7 5. Nf3 a6 6. d3 Na5 7. Be3 Nxc4 8. dxc4 d6 9. e5 Bg4 10. 0-0 Rc8 11. Qd5 Bxf3 12. Rxf3 dxe5 13. Qxd8+ Rxd8 14. Bxc5 Rc8 15. Bb6 Rxc4 16. Rd1 Rc8 17. Rfd3 f5 18. Rd8+ Rxd8 19. Rxd8+ Kf7 20. g3 exf4 21. gxf4 Nf6 22. Rd2 Bh6 23. Ne2 Ne4 24. Rd7 Nd6 25. b3 Rc8 26. c4 Ke8 27. Rc7 Rxc7 28. Bxc7 Kd7 29. Bb6 Kc6 30. Bd8 e6 31. Nd4+ Kd7 32. Bg5 Bxg5 33. fxg5 Ne4 34. h4 Nc3 35. a3 b5 36. c5 e5 37. Nxf5 gxf5 38. h5 Ne4 39. g6 hxg6 40. hxg6 Nf6 41. Kg2 Kc6 42. b4 f4 43. Kf3 Kd7 44. Ke2 e4 45. Kf2 Ke7 46. Ke2 Ne8 47. Kd2 e3+ 48. Ke2 Kf6 49. Kd3 Kxg6 50. Ke4 e2 51. Kd5 e1Q 52. c6 Kf6 53. Kc5 Qc3+ 54. Kb6 Qxa3 55. c7 Nxc7 56. Kxc7 Qxb4 57. Kb6 Qd4+ 58. Kxa6 Qc3 59. Kxb5 0-1